01297nam a2200301 a 450000100100000000500170001000800410002704000250006808200180009310000360011124500620014726000400020930000210024950000730027050400320034359000250037565000340040065000240043465000300045865000210048865000260050965000330053591000410056895201310060995201160074095201220085699900170097800001860920260420094329.0100512s2009 dr 000 0 spa d aDO-SdBNPbspacBNPHU a346.02bH557t1 aHernández, Pedro Pablo91046310aTeorías de las obligaciones /cPedro Pablo Hernández. aSanto Domingo :bCentenario,c2009. a610 p. ;c23 cm. aIncluye referencias bibliográficas y notas al pie de las páginas aBibliografía : p. 521-524 aInventariado,2018/DG 0aObligaciones (Derecho)921560 4aDerecho civil93574 0aActos jurídicos 940216 0aContratos940217 4aCuasicontratos940218 4aResponsabilidad civil914308 aValidado. Control de calidad MMOLINA 001154708DSaGRbGRcMId2010-05-12iLF1l0o346.02 H557tp18609-30r2020-06-25te. 3w2020-06-25yLFDSZPréstamo en sala 0010718PDaPDbPDcHDd2010-05-12iLF1l0o346.02 H557tp18609-10r2020-06-25w2020-06-25yLFPDZNo se presta 0010718PDaPDbPDcHDd2010-05-12iLF1l0o346.02 H557tp18609-20r2020-06-25te. 2w2020-06-25yLFPDZNo se presta c18129d18129